| 000 | 00853nas a2200277 4500 | ||
|---|---|---|---|
| 001 | BR7903830 | ||
| 003 | BR-BrBNA | ||
| 005 | 20231205083810.0 | ||
| 007 | ta | ||
| 008 | 230509b bl.|||p| |||| 00| 00por d | ||
| 040 |
_aBR-BrBNA _bpor _cBiblioteca Nacional de Agricultura |
||
| 041 | _a(Pt) | ||
| 072 | _aL40 | ||
| 100 | 1 | _aMarchevsky, R.S. | |
| 100 | 1 | _aNascimento, E.F. do | |
| 100 | 1 | _aChagas, W.A. | |
| 100 | 1 | _aChiquiloff, M.A. de G. | |
| 100 | 1 | _aMagalhaes, C. de M. | |
| 245 | 1 | _aColpocitologia em cadelas comuns [Citologia animal] | |
| 650 | _aCAO | ||
| 650 | _aCITOLOGIA ANIMAL | ||
| 650 | _aPRENHEZ | ||
| 773 | 0 |
_tArquivos da Escola de Veterinaria da Univesidade Federal de Minas Gerais (Brazil) _xISSN 0365-8384 _g(Aug 1979), v. 31(2) p. 119-123 _wBR7903830 |
|
| 909 |
_a202311 _bLúcia _c55 _dLúcia Elande |
||
| 942 |
_2AGRIS _n0 _cANA |
||
| 999 |
_c101269 _d101269 |
||